[Event "CZE-chT 1415"]
[Site "Czech Republic"]
[Date "2014.11.01"]
[Round "1.1"]
[White "Mirumian, Vigen"]
[Black "Szotkowski, Jakub"]
[Result "1-0"]
[WhiteElo "2502"]
[BlackElo "2240"]
[PlyCount "53"]
[EventDate "2014.11.01"]
[EventType "team-tourn"]
[EventRounds "11"]
[EventCountry "CZE"]
[SourceTitle "EXT 2015"]
[Source "ChessBase"]
[SourceDate "2014.11.20"]
[SourceVersion "1"]
[SourceVersionDate "2014.11.20"]
[SourceQuality "1"]
[WhiteTeam "Lysa nad Labem"]
[BlackTeam "Karvina"]
[WhiteTeamCountry "CZE"]
[BlackTeamCountry "CZE"]

1. Nf3 Nf6 2. g3 c5 3. Bg2 Nc6 4. 0-0 e6 5. d4 b6 6. c4 cxd4 7. Nxd4 Bb7 8. Nb5 d6 9. Bf4 e5 10. Bg5 a6 11. Bxf6 gxf6 12. N5c3 f5 13. Nd5 Bg7 14. Nbc3 Rb8 15. e3 0-0 16. Qh5 Bc8 17. Bh3 f4 18. Rad1 Bxh3 19. Qxh3 f5 20. gxf4 Kh8 21. Kh1 b5 22. cxb5 axb5 23. Rg1 e4 24. Rg5 Bxc3 25. bxc3 Qd7 26. Rdg1 b4 27. Qh6 1-0

[Event "CZE-chT 1213"]
[Site "Czech Republic"]
[Date "2013.03.24"]
[Round "8.5"]
[White "Velicka, Petr"]
[Black "Mirumian, Vigen"]
[Result "1/2-1/2"]
[WhiteElo "2469"]
[BlackElo "2511"]
[PlyCount "21"]
[EventDate "2012.11.03"]
[EventType "team-tourn"]
[EventRounds "11"]
[EventCountry "CZE"]
[SourceTitle "EXT 2014"]
[Source "ChessBase"]
[SourceDate "2013.11.20"]
[SourceVersion "1"]
[SourceVersionDate "2013.11.20"]
[SourceQuality "1"]
[WhiteTeam "Ostrava Labortech"]
[BlackTeam "Lysa nad Labem"]
[WhiteTeamCountry "CZE"]
[BlackTeamCountry "CZE"]

1. e4 c5 2. Nf3 e6 3. c4 Nc6 4. Nc3 e5 5. d3 d6 6. Nd5 g6 7. b4 cxb4 8. a3 b3 9. Qxb3 Bg7 10. Be2 Nge7 11. 0-0 1/2-1/2

[Event "CZE-chT 1213"]
[Site "Czech Republic"]
[Date "2013.03.23"]
[Round "7.5"]
[White "Mirumian, Vigen"]
[Black "Caletka, Radomir"]
[Result "1/2-1/2"]
[WhiteElo "2511"]
[BlackElo "2324"]
[PlyCount "104"]
[EventDate "2012.11.03"]
[EventType "team-tourn"]
[EventRounds "11"]
[EventCountry "CZE"]
[SourceTitle "EXT 2014"]
[Source "ChessBase"]
[SourceDate "2013.11.20"]
[SourceVersion "1"]
[SourceVersionDate "2013.11.20"]
[SourceQuality "1"]
[WhiteTeam "Lysa nad Labem"]
[BlackTeam "Poruba"]
[WhiteTeamCountry "CZE"]
[BlackTeamCountry "CZE"]

1. Nf3 d5 2. g3 Nf6 3. Bg2 e6 4. 0-0 Be7 5. c4 0-0 6. b3 b6 7. Bb2 Bb7 8. d3 Nbd7 9. Nbd2 c5 10. e3 Rc8 11. Qe2 Qc7 12. e4 dxe4 13. dxe4 Rfd8 14. e5 Ne8 15. Ne4 Nf8 16. h4 Bc6 17. Rfe1 Rd7 18. Qe3 Rcd8 19. Qf4 f5 20. Neg5 g6 21. Nh3 Qb7 22. Re3 Rd1+ 23. Rxd1 Rxd1+ 24. Kh2 Ng7 25. Qh6 Qd7 26. Nf4 Be4 27. Bc3 Rc1 28. h5 Rc2 29. hxg6 hxg6 30. Be1 Rxa2 31. Nxg6 Nxg6 32. Qxg6 Qe8 33. Qxe8+ Nxe8 34. Nd2 Bc2 35. Bc6 Nc7 36. Nf3 Na6 37. Kh3 Nb8 38. Bb7 a6 39. g4 fxg4+ 40. Kxg4 b5 41. Ng5 Bf5+ 42. Kh5 Ra1 43. Be4 Bxe4 44. Rxe4 Bxg5 45. Kxg5 Kf7 46. f4 Nc6 47. Bf2 Rb1 48. cxb5 axb5 49. Bxc5 Rxb3 50. f5 Rg3+ 51. Kf4 Rh3 52. Re1 Rh5 1/2-1/2

[Event "Brasschaat op 12th"]
[Site "Brasschaat"]
[Date "2012.08.22"]
[Round "5"]
[White "Schuermans, Robert"]
[Black "Mirumian, Vigen"]
[Result "0-1"]
[WhiteElo "2180"]
[BlackElo "2521"]
[PlyCount "90"]
[EventDate "2012.08.18"]
[EventType "swiss"]
[EventRounds "9"]
[EventCountry "BEL"]
[SourceTitle "CBM 150 Extra"]
[Source "ChessBase"]
[SourceDate "2012.10.19"]
[SourceVersion "1"]
[SourceVersionDate "2012.10.19"]
[SourceQuality "1"]

1. e4 c5 2. Nf3 e6 3. d4 cxd4 4. Nxd4 a6 5. Nc3 b5 6. Bd3 Bb7 7. 0-0 Qb6 8. Nf3 Qc7 9. e5 Ne7 10. Bf4 f5 11. Bxb5 Ng6 12. Be3 axb5 13. Nxb5 Qc6 14. Nd6+ Bxd6 15. Qxd6 Qxd6 16. exd6 f4 17. Bb6 Bxf3 18. gxf3 Ne5 19. b3 Nxf3+ 20. Kg2 Nh4+ 21. Kh3 Nf5 22. Rfd1 Ra6 23. Bc7 Kf7 24. a4 h5 25. Kg2 Rc6 26. b4 Rxc2 27. Rdc1 Rd2 28. b5 Nxd6 29. Rd1 Rxd1 30. Rxd1 Nc4 31. Bxb8 Rxb8 32. Rxd7+ Kf6 33. Rd4 Nb6 34. Rxf4+ Ke5 35. Rf7 Nxa4 36. Rxg7 Kf6 37. Ra7 Nc3 38. Ra3 Nxb5 39. Rf3+ Ke5 40. Rg3 Kf6 41. Rf3+ Kg6 42. Rb3 Rb7 43. h4 Nd6 44. Rg3+ Kf6 45. Rf3+ Nf5 0-1

[Event "Geraardsbergen op 28th"]
[Site "Geraardsbergen"]
[Date "2012.08.13"]
[Round "5"]
[White "Mirumian, Vigen"]
[Black "Luminet, Denis"]
[Result "1-0"]
[WhiteElo "2521"]
[BlackElo "2200"]
[PlyCount "47"]
[EventDate "2012.08.11"]
[EventType "swiss"]
[EventRounds "9"]
[EventCountry "BEL"]
[SourceTitle "EXT 2013"]
[Source "ChessBase"]
[SourceDate "2012.11.22"]
[SourceVersion "1"]
[SourceVersionDate "2012.11.22"]
[SourceQuality "1"]

1. Nf3 e6 2. g3 b6 3. e4 Bb7 4. d3 c5 5. Bg2 d6 6. 0-0 Nd7 7. c4 Be7 8. Nc3 Ngf6 9. Ne1 Qc7 10. f4 a6 11. a4 0-0 12. g4 Nb8 13. g5 Nfd7 14. f5 Nc6 15. Qh5 g6 16. Qh3 exf5 17. exf5 Nd4 18. f6 Bd8 19. Qh6 Ne6 20. Nd5 Qc8 21. Bh3 Nxf6 22. gxf6 Qd7 23. Bxe6 fxe6 24. Ne7+ 1-0

[Event "Ascona-A"]
[Site "Ascona"]
[Date "2011.12.07"]
[Round "6"]
[White "Lund, Silas"]
[Black "Mirumian, Vigen"]
[Result "0-1"]
[WhiteElo "2398"]
[BlackElo "2530"]
[PlyCount "56"]
[EventDate "2011.12.04"]
[EventType "tourn"]
[EventRounds "9"]
[EventCountry "SUI"]
[EventCategory "7"]
[SourceTitle "CBM 145 Extra"]
[Source "ChessBase"]
[SourceDate "2012.01.03"]
[SourceVersion "1"]
[SourceVersionDate "2012.01.03"]
[SourceQuality "1"]

1. d4 Nf6 2. c4 g6 3. Nc3 d5 4. Bf4 Bg7 5. e3 c5 6. dxc5 Qa5 7. Rc1 0-0 8. Nf3 Nbd7 9. cxd5 Ne4 10. Bc4 Nxc3 11. bxc3 Bxc3+ 12. Ke2 Nxc5 13. Be5 Ne4 14. Qc2 Bxe5 15. Nxe5 Bf5 16. Qb2 Nd6 17. Rhd1 Rfc8 18. Bb3 Qb5+ 19. Ke1 Rxc1 20. Rxc1 Be4 21. a4 Qb4+ 22. Qc3 Qxc3+ 23. Rxc3 Bxg2 24. Rc7 Kf8 25. Nd7+ Ke8 26. Nc5 Rb8 27. Ke2 Bh3 28. e4 Kd8 0-1

[Event "Ascona-A"]
[Site "Ascona"]
[Date "2011.12.05"]
[Round "3"]
[White "Mirumian, Vigen"]
[Black "Zeller, Frank"]
[Result "1/2-1/2"]
[WhiteElo "2530"]
[BlackElo "2375"]
[PlyCount "77"]
[EventDate "2011.12.04"]
[EventType "tourn"]
[EventRounds "9"]
[EventCountry "SUI"]
[EventCategory "7"]
[SourceTitle "CBM 145 Extra"]
[Source "ChessBase"]
[SourceDate "2012.01.03"]
[SourceVersion "1"]
[SourceVersionDate "2012.01.03"]
[SourceQuality "1"]

1. Nf3 Nf6 2. g3 b5 3. Bg2 Bb7 4. Na3 a6 5. c4 b4 6. Nc2 e6 7. d4 a5 8. 0-0 Na6 9. b3 Be7 10. Bb2 0-0 11. Rc1 Ra7 12. d5 Nc5 13. Nfe1 Ra6 14. Nd3 Nfe4 15. Nxc5 Nxc5 16. e4 Re8 17. f4 a4 18. Nxb4 Rb6 19. Qd4 Bf8 20. Nd3 Nxd3 21. Qxd3 exd5 22. exd5 axb3 23. axb3 Bc5+ 24. Bd4 Bxd4+ 25. Qxd4 Rxb3 26. Rb1 Rxb1 27. Rxb1 Ba6 28. Ra1 Bb7 29. Rb1 Qa8 30. Ra1 Qd8 31. c5 h6 32. Bf3 d6 33. c6 Bc8 34. Kg2 Bf5 35. g4 Bc8 36. Kg3 Qe7 37. h3 f5 38. Ra2 Rf8 39. Re2 1/2-1/2

[Event "Orlova op 8th"]
[Site "Orlova"]
[Date "2011.05.28"]
[Round "8"]
[White "Dmitrenko, Viktor"]
[Black "Mirumian, Vigen"]
[Result "0-1"]
[WhiteElo "2354"]
[BlackElo "2513"]
[PlyCount "50"]
[EventDate "2011.05.21"]
[EventType "swiss"]
[EventRounds "9"]
[EventCountry "CZE"]
[SourceTitle "CBM 142 Extra"]
[Source "ChessBase"]
[SourceDate "2011.06.27"]
[SourceVersion "1"]
[SourceVersionDate "2011.06.27"]
[SourceQuality "1"]

1. e4 c5 2. Nf3 e6 3. g3 d6 4. Bg2 Nf6 5. Nc3 Nc6 6. 0-0 Be7 7. d4 cxd4 8. Nxd4 Bd7 9. Ndb5 Qb8 10. a4 0-0 11. b3 a6 12. Nd4 Qc7 13. Nce2 d5 14. exd5 Nxd5 15. Bxd5 exd5 16. Nf4 Bc5 17. Nxd5 Qe5 18. Nxc6 Bxc6 19. b4 Ba7 20. c4 Qxa1 21. Ne7+ Kh8 22. b5 axb5 23. axb5 Be4 24. Qg4 Bxf2+ 25. Kxf2 Qf6+ 0-1

[Event "Orlova op 8th"]
[Site "Orlova"]
[Date "2011.05.26"]
[Round "6"]
[White "Mirumian, Vigen"]
[Black "Szotkowski, Jakub"]
[Result "1-0"]
[WhiteElo "2513"]
[BlackElo "1906"]
[PlyCount "85"]
[EventDate "2011.05.21"]
[EventType "swiss"]
[EventRounds "9"]
[EventCountry "CZE"]
[SourceTitle "CBM 142 Extra"]
[Source "ChessBase"]
[SourceDate "2011.06.27"]
[SourceVersion "1"]
[SourceVersionDate "2011.06.27"]
[SourceQuality "1"]

1. e4 c5 2. Nf3 e6 3. Nc3 Nc6 4. Bb5 d6 5. e5 Qc7 6. Bxc6+ Qxc6 7. 0-0 Nh6 8. d4 Nf5 9. d5 exd5 10. Nxd5 Be6 11. c4 0-0-0 12. Bg5 Rd7 13. Bf4 h6 14. h3 g5 15. Bh2 Bxd5 16. cxd5 Qb6 17. Qa4 Bg7 18. Qg4 Ne7 19. exd6 Nxd5 20. Rac1 Nb4 21. Qf5 Rhd8 22. Rxc5+ Nc6 23. b3 Kb8 24. Rb5 Nd4 25. Nxd4 Qxd4 26. Rc1 Qd2 27. Rbc5 a6 28. Bg3 Bf8 29. R5c2 Qd4 30. Rc7 Rxd6 31. Rxf7 Qd2 32. Rcc7 Qb4 33. Rxb7+ Qxb7 34. Bxd6+ Bxd6 35. Rxb7+ Kxb7 36. Qh7+ Bc7 37. g3 Rd6 38. Kg2 Kc6 39. h4 gxh4 40. Qe4+ Kd7 41. Qxh4 Re6 42. Qc4 Be5 43. f4 1-0

[Event "Ostrava Konik op-A"]
[Site "Ostrava"]
[Date "2011.05.03"]
[Round "4"]
[White "Olsarova, Karolina"]
[Black "Mirumian, Vigen"]
[Result "0-1"]
[WhiteElo "2235"]
[BlackElo "2513"]
[PlyCount "64"]
[EventDate "2011.04.30"]
[EventType "swiss"]
[EventRounds "9"]
[EventCountry "CZE"]
[SourceTitle "CBM 142 Extra"]
[Source "ChessBase"]
[SourceDate "2011.06.27"]
[SourceVersion "1"]
[SourceVersionDate "2011.06.27"]
[SourceQuality "1"]

1. e4 c5 2. Nf3 d6 3. Bb5+ Nc6 4. Bxc6+ bxc6 5. 0-0 Bg4 6. c3 Nf6 7. Re1 e6 8. d4 cxd4 9. cxd4 Be7 10. Nbd2 0-0 11. b3 d5 12. e5 Nd7 13. a4 Bb4 14. h3 Bh5 15. g4 Bg6 16. Ba3 Bxa3 17. Rxa3 c5 18. Nf1 Rc8 19. dxc5 Nxc5 20. b4 Ne4 21. Qd4 Rc4 22. Qxa7 Rxb4 23. N1d2 h5 24. Rb3 Nxd2 25. Nxd2 Rxb3 26. Nxb3 hxg4 27. hxg4 Qh4 28. Qd4 Be4 29. Rxe4 dxe4 30. Qxe4 Rc8 31. a5 Qh3 32. Qa4 Rc3 0-1

[Event "Ostrava Konik op-A"]
[Site "Ostrava"]
[Date "2011.05.01"]
[Round "2"]
[White "Olsar, Jaroslav"]
[Black "Mirumian, Vigen"]
[Result "0-1"]
[WhiteElo "2262"]
[BlackElo "2513"]
[PlyCount "145"]
[EventDate "2011.04.30"]
[EventType "swiss"]
[EventRounds "9"]
[EventCountry "CZE"]
[SourceTitle "CBM 142 Extra"]
[Source "ChessBase"]
[SourceDate "2011.06.27"]
[SourceVersion "1"]
[SourceVersionDate "2011.06.27"]
[SourceQuality "1"]

1. e4 c5 2. Nf3 e6 3. d4 cxd4 4. Nxd4 a6 5. Bd3 Qb6 6. Nb3 d6 7. 0-0 Nf6 8. Nc3 Nbd7 9. Qe2 Qc7 10. Bg5 Be7 11. Rae1 h6 12. Bd2 Ne5 13. f4 Nxd3 14. cxd3 0-0 15. e5 Nh7 16. d4 b6 17. Qh5 Bb7 18. Re3 Rad8 19. Rg3 Kh8 20. Qg4 Rg8 21. f5 exf5 22. Qxf5 dxe5 23. dxe5 Bh4 24. Re3 Rge8 25. Re2 Re7 26. Kh1 b5 27. Be1 Bxe1 28. Rfxe1 Ng5 29. h4 Ne6 30. Ne4 Qc4 31. Qf2 Ba8 32. Nd6 Qg4 33. Nf5 Nf4 34. Ne3 Qh3+ 35. Kg1 Nxe2+ 36. Rxe2 Qe6 37. Nf5 Ree8 38. Nbd4 Qg6 39. Nd6 Rf8 40. N4f5 Bd5 41. Re3 Qh5 42. Qf4 Be6 43. Rg3 Bxf5 44. Nxf5 Rg8 45. Ne7 Qd1+ 46. Kh2 Rd4 47. Qxf7 Rxh4+ 48. Rh3 Rxh3+ 49. Kxh3 Rd8 50. Ng6+ Kh7 51. Nf8+ Rxf8 52. Qxf8 Qh5+ 53. Kg3 Qxe5+ 54. Kh3 Qe6+ 55. Kh2 Qxa2 56. Qf5+ Kg8 57. Qc8+ Kf7 58. Qb7+ Kf6 59. Qf3+ Ke6 60. Qg4+ Kf7 61. Qd7+ Kf6 62. Qd4+ Kg6 63. Qg4+ Kh7 64. Qf5+ Kh8 65. Qc8+ Kh7 66. Qf5+ g6 67. Qd7+ Kh8 68. Qd4+ Kg8 69. Qd8+ Kf7 70. Qd7+ Kf6 71. Qd4+ Ke6 72. Qe4+ Kd6 73. Qb4+ 0-1

[Event "Olomouc GM-A"]
[Site "Olomouc"]
[Date "2009.08.09"]
[Round "5"]
[White "Malinovsky, Karel"]
[Black "Mirumian, Vigen"]
[Result "0-1"]
[WhiteElo "2367"]
[BlackElo "2506"]
[PlyCount "106"]
[EventDate "2009.08.05"]
[EventType "tourn"]
[EventRounds "9"]
[EventCountry "CZE"]
[EventCategory "9"]
[SourceTitle "CBM 131 Extra"]
[Source "ChessBase"]
[SourceDate "2009.09.03"]
[SourceVersion "2"]
[SourceVersionDate "2009.09.16"]
[SourceQuality "1"]

1. e4 c5 2. c3 d5 3. exd5 Qxd5 4. d4 Nf6 5. Nf3 cxd4 6. cxd4 e6 7. Nc3 Qa5 8. Bd3 Be7 9. 0-0 0-0 10. Re1 Nc6 11. a3 Bd7 12. Be3 Rfc8 13. b4 Qd8 14. Qb3 Be8 15. Rad1 Qc7 16. Rc1 Qd6 17. Ne4 Nxe4 18. Bxe4 Rd8 19. Red1 Rac8 20. d5 exd5 21. Rxd5 Qb8 22. Re1 Bf6 23. Bg5 Rxd5 24. Qxd5 Bc3 25. Rc1 Bb2 26. Rb1 Bxa3 27. b5 Ne7 28. Qd3 Qd6 29. Bxh7+ Kf8 30. Qe2 Ng6 31. Rd1 Qe6 32. Qd3 Bc5 33. h4 Qg4 34. h5 Nf4 35. Bxf4 Qxf4 36. Kf1 Qa4 37. Rb1 Qa2 38. Nd2 Be7 39. Ne4 Rd8 40. Qb3 Qxb3 41. Rxb3 Rd5 42. Nc3 Rxh5 43. Be4 Bf6 44. Nd5 Be5 45. g4 Rh4 46. Ne3 b6 47. Bf3 Rh6 48. Nc4 Bd4 49. Bd5 Rf6 50. f3 Ke7 51. Ke2 Rf4 52. Kd3 Bc5 53. Rb1 Rd4+ 0-1

[Event "Olomouc GM-A"]
[Site "Olomouc"]
[Date "2009.08.06"]
[Round "2"]
[White "Mirumian, Vigen"]
[Black "Ivanov, Mikhail M"]
[Result "1/2-1/2"]
[WhiteElo "2506"]
[BlackElo "2469"]
[PlyCount "20"]
[EventDate "2009.08.05"]
[EventType "tourn"]
[EventRounds "9"]
[EventCountry "CZE"]
[EventCategory "9"]
[SourceTitle "CBM 131 Extra"]
[Source "ChessBase"]
[SourceDate "2009.09.03"]
[SourceVersion "2"]
[SourceVersionDate "2009.09.16"]
[SourceQuality "1"]

1. e4 c5 2. Nf3 Nc6 3. Nc3 g6 4. Bc4 Bg7 5. 0-0 a6 6. Re1 d6 7. h3 e6 8. a4 Nge7 9. d3 0-0 10. Bf4 h6 1/2-1/2

[Event "Pardubice Czech op-A"]
[Site "Pardubice"]
[Date "2009.07.30"]
[Round "7"]
[White "Kovar, Vojtech"]
[Black "Mirumian, Vigen"]
[Result "0-1"]
[WhiteElo "2328"]
[BlackElo "2506"]
[PlyCount "88"]
[EventDate "2009.07.24"]
[EventType "swiss"]
[EventRounds "9"]
[EventCountry "CZE"]
[SourceTitle "CBM 131 Extra"]
[Source "ChessBase"]
[SourceDate "2009.09.03"]
[SourceVersion "2"]
[SourceVersionDate "2009.09.16"]
[SourceQuality "1"]

1. e4 c5 2. Nf3 e6 3. d4 cxd4 4. Nxd4 a6 5. Bd3 Qb6 6. c3 d6 7. 0-0 Nf6 8. Nd2 Nbd7 9. Qe2 Qc7 10. Re1 g6 11. Nf1 Bg7 12. Nf3 0-0 13. h3 b5 14. Bf4 Bb7 15. Rad1 Nc5 16. Ng3 e5 17. Bg5 Rfe8 18. Bxf6 Bxf6 19. Bc2 Rad8 20. b4 Ne6 21. Qe3 Nf4 22. Bb3 Kg7 23. Nh2 h5 24. Qf3 a5 25. bxa5 Qxa5 26. Nhf1 Rc8 27. Rxd6 Rxc3 28. Re3 Rc1 29. Ne2 Be7 30. Nxf4 exf4 31. Qxf4 Bxd6 32. Qxf7+ Kh6 33. Qxe8 Qc7 34. Qh8+ Qh7 35. Qf6 Qe7 36. Qxe7 Bxe7 37. g3 b4 38. Kg2 Bc5 39. Re2 Ba6 40. Kf3 Rxf1 41. Rc2 Ba7 42. Bd5 Bd4 43. h4 Bc3 44. a3 Bd3 0-1

[Event "Pardubice Czech op-A"]
[Site "Pardubice"]
[Date "2009.07.26"]
[Round "3"]
[White "Berzina, Ilze"]
[Black "Mirumian, Vigen"]
[Result "1-0"]
[WhiteElo "2276"]
[BlackElo "2506"]
[PlyCount "79"]
[EventDate "2009.07.24"]
[EventType "swiss"]
[EventRounds "9"]
[EventCountry "CZE"]
[SourceTitle "CBM 131 Extra"]
[Source "ChessBase"]
[SourceDate "2009.09.03"]
[SourceVersion "2"]
[SourceVersionDate "2009.09.16"]
[SourceQuality "1"]

1. e4 c5 2. Nf3 e6 3. c4 d6 4. d4 cxd4 5. Nxd4 Nf6 6. Nc3 a6 7. Be2 Nbd7 8. 0-0 b6 9. Be3 Bb7 10. f3 Rc8 11. a4 Be7 12. a5 0-0 13. Nb3 bxa5 14. Nxa5 Ba8 15. Qd2 Qc7 16. Rfc1 Qb8 17. b4 Bd8 18. Rcb1 Bc7 19. b5 d5 20. Nc6 Bxh2+ 21. Kh1 Qd6 22. f4 axb5 23. Na7 Bg3 24. Nxc8 Rxc8 25. Nxb5 Qf8 26. Qb4 Nxe4 27. Qxf8+ Kxf8 28. Ra7 Ke7 29. Nc7 Bc6 30. cxd5 exd5 31. Rc1 Kd6 32. Na6 Bf2 33. Bxf2 Nxf2+ 34. Kg1 Ne4 35. Bb5 d4 36. Bxc6 Rxc6 37. Rxd7+ Kxd7 38. Nb8+ Kc7 39. Nxc6 Nc3 40. Nxd4 1-0